000 00552nam a2200157Ia 4500
008 170221s9999 xx 000 0 und d
100 _aWeipeng Jiang
245 _aIterative Transceiver Design for Opportunistic Interference Alignment in MIMO Interfering Multiple-Access Channels
245 _cWeipeng Jiang, Kai Niu, and Zhiqiang He
260 _bJournal of Communications
260 _c2015
300 _a10 : 2
650 _xCommunication
650 _xMedia Arts
856 _uhttp://www.jocm.us/index.php?m=content&c=index&a=lists&catid=142
999 _c307042
_d307042